MARC

LEADER 00000nam0a2200000 4500
001 319997
005 20231102003232.0
035 |a (RuTPU)RU\TPU\book\345520 
090 |a 319997 
100 |a 20160621d1974 m y0rusy50 ca 
101 0 |a rus 
102 |a RU 
105 |a y z 001zy 
200 1 |a Подготовка и чтение лекции  |f А. И. Чинённый 
210 |a Москва  |c Знание  |d 1974 
215 |a 95 с. 
225 1 |a Методика лекторского мастерства и ораторского искусства 
320 |a Библиогр.: с. 94-95 
606 1 |a Лекционная работа  |x Методика  |2 stltpush  |3 (RuTPU)RU\TPU\subj\66409  |9 82556 
610 1 |a подготовка 
610 1 |a тема 
610 1 |a цель 
610 1 |a выступления 
610 1 |a источники 
610 1 |a композиция 
610 1 |a план 
610 1 |a доказательность 
610 1 |a язык 
610 1 |a речевая культура 
610 1 |a художественный образ 
610 1 |a наглядность 
610 1 |a аудитория 
686 |a Ч711.211.2  |v LBC/SL-A  |2 rubbk 
700 1 |a Чинённый  |b А. И.  |g Андрей Ильич 
801 1 |a RU  |b 63413507  |c 20160621 
801 2 |a RU  |b 63413507  |c 20190905  |g RCR 
942 |c BK